[Event "Berlin Cup KO"]
[Site "Berlin"]
[Date "2019.08.29"]
[Round "1.1"]
[White "Hoppe, Frank"]
[Black "Windmueller, Martin"]
[Result "1/2-1/2"]
[WhiteElo "1895"]
[BlackElo "1833"]
[PlyCount "114"]
[EventDate "2019.08.29"]
[EventType "k.o."]
[EventRounds "4"]
[EventCountry "GER"]
[SourceTitle "EXT 2021"]
[Source "ChessBase"]
[SourceDate "2020.10.23"]
[SourceVersion "1"]
[SourceVersionDate "2020.10.23"]
[SourceQuality "1"]

1. e4 c5 2. c3 d5 3. exd5 Qxd5 4. d4 cxd4 5. cxd4 Nc6 6. Nf3 Bg4 7. Be2 e6 8. 0-0 Nf6 9. Nc3 Qd7 10. Qa4 Be7 11. h3 Bh5 12. Be3 0-0 13. Rfd1 a6 14. Ne5 Nxe5 15. Bxh5 Qxa4 16. Nxa4 Nc4 17. Be2 Nxe3 18. fxe3 Rac8 19. Rac1 Nd5 20. e4 Nf4 21. Bf3 g5 22. Nc5 Bxc5 23. Rxc5 Rxc5 24. dxc5 Rc8 25. b4 e5 26. Rd7 a5 27. a3 axb4 28. axb4 Rb8 29. Bg4 h5 30. Bf5 Ne2+ 31. Kf2 Nd4 32. Rxd4 exd4 33. Ke2 Kf8 34. Kd3 Rd8 35. b5 Ke7 36. e5 Rd5 37. c6 bxc6 38. bxc6 Rc5 39. Be4 Rxe5 40. Kxd4 f6 41. Bf3 h4 42. Bd5 Kd6 43. Bf3 Ra5 44. Kc4 f5 45. Kd3 Ra4 46. Ke3 Ke5 47. Kd3 g4 48. hxg4 fxg4 49. c7 gxf3 50. c8Q fxg2 51. Qe8+ Kf5 52. Qh5+ Kf4 53. Qxh4+ Kf3 54. Qh3+ Kf2 55. Qe3+ Kf1 56. Qc1+ Kf2 57. Qc2+ Kg3 1/2-1/2